| 000 | 00404 a2200157 4500 | ||
|---|---|---|---|
| 020 | _a8178981084 | ||
| 022 | _a9788178981086 | ||
| 082 | _a297.09 | ||
| 090 |
_c5040 _d5040 |
||
| 100 | _aLatif,Syed Abdul | ||
| 245 |
_aPrinciples of Islamic Culture _cDr.Syed Abdul Latif |
||
| 260 |
_aNew Delhi _bSyed Abdul Latif Trust _c2002 |
||
| 300 | _a85p | ||
| 500 | _aPaper cover | ||
| 942 |
_aNBS _cBK _k297.09 LAT |
||
| 999 |
_c347465 _d347465 |
||